000 00261nam a22001217a 4500
041 _aENG
100 _aBharat Sr
245 _aMicroprocessor-II
260 _aMumbai
_bChopra Academy
_c1986
300 _a138
650 _aChemistry (40)
856 _uChemistry (40)
999 _c3014
_d3014